| 000 | 01447nam0a2200313 4500 | ||
|---|---|---|---|
| 001 | RU\NLR\bibl\202861 | ||
| 005 | 20250619093852.0 | ||
| 010 |
_a5-87309-007-6 _9300 |
||
| 021 |
_aRU _b2001-25740 _91222 |
||
| 035 | _a(NLR Aleph) 000199166 | ||
| 090 |
_a1153829 _c1153829 |
||
| 100 | _a20011114d1999 |||y0rusy50 ca | ||
| 101 | 0 | _arus | |
| 102 | _aRU | ||
| 105 | _ay ||||||||| | ||
| 200 | 1 |
_aРазвитие инновационного предпринимательства в транзитивной экономике _fС.В. Ермасов _gПод ред. д.э.н., проф. М.В. Попова _gМ-во образования Рос. Федерации, Саратов. гос. социал.-экон. ун-т |
|
| 210 |
_aСаратов _cИзд. центр Сарат. гос. социал.-экон. ун-та _d1999 |
||
| 215 |
_a225, [2] с. _d20 |
||
| 320 | _aБиблиогр. в конце кн. | ||
| 606 | 0 |
_aИнновационная деятельность _yРоссийская Федерация _92101842 _3RU\NLR\auth\661271084 |
|
| 606 | 0 |
_aПредпринимательство _yРоссийская Федерация _92073455 _3RU\NLR\auth\661248355 |
|
| 686 | _aУ9(2)-55(2Р) | ||
| 686 | _aУ9(2)-13(2Р) | ||
| 700 | 1 |
_aЕрмасов _bС. В. _gСергей Викторович _4070 |
|
| 801 | 0 |
_aRU _bNLR _c20011114 _gPSBO |
|
| 801 | 1 |
_aRU _bNLR _c20011114 |
|
| 942 | _cBOOK | ||
| 980 | _aNB | ||